[Event "Mecklenburg VP-ch U18"]
[Site "Greifswald"]
[Date "2004.02.08"]
[Round "3"]
[White "Prill, Paul Christian"]
[Black "Schulze, Christoph"]
[Result "1/2-1/2"]
[WhiteElo "1445"]
[BlackElo "1666"]
[PlyCount "28"]
[EventDate "2004.04.??"]
[EventType "swiss"]
[EventRounds "7"]
[EventCountry "GER"]
[SourceTitle "EXT 2005"]
[Source "ChessBase"]
[SourceDate "2004.11.15"]
[SourceVersion "1"]
[SourceVersionDate "2004.11.15"]
[SourceQuality "1"]

1. b3 e5 2. Bb2 Nc6 3. e3 d5 4. c4 Be6 5. Nf3 f6 6. cxd5 Bxd5 7. Nc3 Bf7 8. Bb5 Nge7 9. d4 a6 10. Bxc6+ Nxc6 11. dxe5 Nxe5 12. Nxe5 fxe5 13. 0-0 Bd6 14. Ne4 0-0 1/2-1/2

[Event "Mecklenburg VP-ch U18"]
[Site "Greifswald"]
[Date "2004.02.07"]
[Round "2"]
[White "Prill, Paul Christian"]
[Black "Behm, Willi"]
[Result "1-0"]
[WhiteElo "1445"]
[BlackElo "1630"]
[PlyCount "81"]
[EventDate "2004.04.??"]
[EventType "swiss"]
[EventRounds "7"]
[EventCountry "GER"]
[SourceTitle "EXT 2005"]
[Source "ChessBase"]
[SourceDate "2004.11.15"]
[SourceVersion "1"]
[SourceVersionDate "2004.11.15"]
[SourceQuality "1"]

1. b3 d5 2. Nf3 Nf6 3. Bb2 e6 4. e3 Be7 5. c4 0-0 6. d4 dxc4 7. Bxc4 c6 8. 0-0 b5 9. Be2 a6 10. Nbd2 Nbd7 11. Rc1 Bb7 12. Qc2 Rc8 13. Bd3 c5 14. dxc5 Rxc5 15. Qb1 Rh5 16. Ne4 Ng4 17. Rfd1 f5 18. h3 Ngf6 19. Nxf6+ Bxf6 20. Bxf6 Rxf6 21. Be2 Rg6 22. Qd3 Bd5 23. Kf1 Nf6 24. Ne5 Rxg2 25. Bxh5 Nxh5 26. Rc6 Rh2 27. Rxe6 Rh1+ 28. Ke2 Ng3+ 29. fxg3 Rh2+ 30. Ke1 Qa5+ 31. Rd2 Rh1+ 32. Ke2 Rh2+ 33. Kd1 Qxd2+ 34. Qxd2 Rxd2+ 35. Kxd2 Bxe6 36. Kc3 Kf8 37. Kb4 Ke7 38. Kc5 Kd8 39. Kb6 Bc8 40. Nc6+ Kd7 41. Na7 1-0

[Event "Mecklenburg VP-ch U18"]
[Site "Greifswald"]
[Date "2003.02.14"]
[Round "4"]
[White "Prill, Paul Christian"]
[Black "Tews, Marko"]
[Result "1-0"]
[WhiteElo "1260"]
[BlackElo "995"]
[PlyCount "53"]
[EventDate "2003.02.??"]
[EventType "swiss"]
[EventRounds "7"]
[EventCountry "GER"]
[SourceTitle "EXT 2005"]
[Source "ChessBase"]
[SourceDate "2004.11.15"]
[SourceVersion "1"]
[SourceVersionDate "2004.11.15"]
[SourceQuality "1"]

1. e4 Nf6 2. Nc3 d5 3. e5 Nfd7 4. d4 Nb6 5. Nf3 Nc6 6. Be3 Bf5 7. Bb5 Qd7 8. 0-0 a6 9. Be2 0-0-0 10. Ng5 e6 11. a3 h6 12. Nf3 Be7 13. b4 Na7 14. Qb1 Na4 15. Qb3 Nxc3 16. Qxc3 Nb5 17. Qb3 f6 18. a4 Na7 19. exf6 Bxf6 20. b5 a5 21. b6 cxb6 22. Qxb6 Nc6 23. Bb5 Bxc2 24. Bxc6 Qxc6 25. Qxa5 Qa6 26. Qxa6 bxa6 27. Rfc1 1-0

[Event "Mecklenburg VP-ch U18"]
[Site "Greifswald"]
[Date "2003.02.13"]
[Round "2"]
[White "Prill, Paul Christian"]
[Black "Labod, Markus"]
[Result "0-1"]
[WhiteElo "1260"]
[BlackElo "1182"]
[PlyCount "34"]
[EventDate "2003.02.??"]
[EventType "swiss"]
[EventRounds "7"]
[EventCountry "GER"]
[SourceTitle "EXT 2005"]
[Source "ChessBase"]
[SourceDate "2004.11.15"]
[SourceVersion "1"]
[SourceVersionDate "2004.11.15"]
[SourceQuality "1"]

1. e4 e5 2. Nf3 Nf6 3. Nc3 Nc6 4. d4 exd4 5. Nxd4 Bb4 6. Nxc6 bxc6 7. Bg5 h6 8. Bxf6 Qxf6 9. Qd2 0-0 10. Bc4 Re8 11. f3 d5 12. Bd3 d4 13. 0-0-0 dxc3 14. bxc3 Ba3+ 15. Kb1 Rb8+ 16. Ka1 Bb2+ 17. Kb1 Bxc3+ 0-1

[Event "Mecklenburg VP LL2 West 0102"]
[Site "Mecklenburg VP"]
[Date "2001.11.25"]
[Round "3.3"]
[White "Krieg, Peter"]
[Black "Prill, Paul Christian"]
[Result "1-0"]
[WhiteElo "1782"]
[BlackElo "1249"]
[PlyCount "109"]
[EventDate "2001.10.07"]
[EventType "team-tourn"]
[EventRounds "9"]
[EventCountry "GER"]
[SourceTitle "EXT 2022"]
[Source "ChessBase"]
[SourceDate "2021.10.06"]
[SourceVersion "1"]
[SourceVersionDate "2021.10.06"]
[SourceQuality "1"]
[WhiteTeam "Schwerin SV Einheit II"]
[BlackTeam "Rostock HSG Uni II"]
[WhiteTeamCountry "GER"]
[BlackTeamCountry "GER"]

1. e4 b6 2. d4 Bb7 3. Nc3 e6 4. Nf3 Bb4 5. Bd3 Nf6 6. Bg5 Be7 7. Qe2 0-0 8. 0-0-0 d6 9. e5 Nd5 10. Bxe7 Qxe7 11. Qe4 g6 12. h4 Nxc3 13. Qxb7 Nxd1 14. Qxa8 Nxf2 15. Rf1 Nxd3+ 16. cxd3 c5 17. exd6 Qxd6 18. Qxa7 cxd4 19. Kb1 Rc8 20. Ng5 Qc7 21. Qa4 Nd7 22. Nxf7 Ne5 23. Nxe5 Qxe5 24. Qd1 Rf8 25. Re1 Qd5 26. Qe2 Rf6 27. g4 Kf7 28. Qh2 Qf3 29. Qc7+ Kg8 30. Qd8+ Kg7 31. Qxd4 Qd5 32. Qc3 Kf7 33. g5 Rf3 34. Qc7+ Kf8 35. Qc8+ Kf7 36. Qc7+ Kf8 37. Qc3 Rxd3 38. Qf6+ Ke8 39. Qxe6+ Qxe6 40. Rxe6+ Kf8 41. Re4 Rh3 42. b3 Rh2 43. b4 Kg7 44. a4 Rh3 45. Kb2 h6 46. gxh6+ Kxh6 47. a5 bxa5 48. bxa5 Rd3 49. a6 Rd7 50. Re5 Kg7 51. Rb5 Kf6 52. Kb3 Rd3+ 53. Ka4 Rd4+ 54. Rb4 Rd3 55. Kb5 1-0

[Event "Mecklenburg VP LL2 West 0102"]
[Site "Mecklenburg VP"]
[Date "2001.11.11"]
[Round "2.4"]
[White "Prill, Paul Christian"]
[Black "Brandstaetter, Mareen"]
[Result "0-1"]
[WhiteElo "1249"]
[BlackElo "1635"]
[PlyCount "109"]
[EventDate "2001.10.07"]
[EventType "team-tourn"]
[EventRounds "9"]
[EventCountry "GER"]
[SourceTitle "EXT 2022"]
[Source "ChessBase"]
[SourceDate "2021.10.06"]
[SourceVersion "1"]
[SourceVersionDate "2021.10.06"]
[SourceQuality "1"]
[WhiteTeam "Rostock HSG Uni II"]
[BlackTeam "Putlitz"]
[WhiteTeamCountry "GER"]
[BlackTeamCountry "GER"]

1. e4 d6 2. Nf3 Nf6 3. Nc3 g6 4. d4 Bg7 5. Be3 0-0 6. Bb5 c6 7. Bd3 Nbd7 8. 0-0 b5 9. a3 Bb7 10. Re1 a6 11. e5 dxe5 12. Nxe5 Nxe5 13. dxe5 Nd5 14. Nxd5 Qxd5 15. Bf4 Qd4 16. Be4 Rad8 17. Qxd4 Rxd4 18. Rad1 Rfd8 19. Rxd4 Rxd4 20. c3 Rd7 21. Bf3 e6 22. Rd1 Rxd1+ 23. Bxd1 c5 24. f3 Kf8 25. Kf2 Bd5 26. Bc2 Ke8 27. Ke3 Kd7 28. Be4 Kc6 29. b4 Bf8 30. Bg5 Kb6 31. Bf6 Bh6+ 32. f4 Bf8 33. g3 Kc6 34. Kd3 cxb4 35. axb4 Bxe4+ 36. Kxe4 a5 37. bxa5 Bc5 38. Bd8 Bg1 39. h3 Bf2 40. g4 Be1 41. Kd3 Kd5 42. Bb6 Bg3 43. Be3 Be1 44. a6 Kc6 45. a7 Kb7 46. Kc2 Bg3 47. Kb3 g5 48. fxg5 Bxe5 49. Kb4 f5 50. gxf6 Bxf6 51. Bd4 e5 52. Be3 e4 53. Kxb5 Bxc3 54. Kc4 Be1 55. Kd5 0-1